| 000 -LEADER |
| fixed length control field |
04701cam a22005777i 4500 |
| 001 - CONTROL NUMBER |
| control field |
22351466 |
| 005 - DATE AND TIME OF LATEST TRANSACTION |
| control field |
20260407103909.0 |
| 008 - FIXED-LENGTH DATA ELEMENTS--GENERAL INFORMATION |
| fixed length control field |
211214s2020 nyua bf 001 0 eng d |
| 010 ## - LIBRARY OF CONGRESS CONTROL NUMBER |
| LC control number |
2021443008 |
| 020 ## - INTERNATIONAL STANDARD BOOK NUMBER |
| International Standard Book Number |
9781259644818 |
| Qualifying information |
paperback |
| 020 ## - INTERNATIONAL STANDARD BOOK NUMBER |
| International Standard Book Number |
9781260460834 |
| 020 ## - INTERNATIONAL STANDARD BOOK NUMBER |
| International Standard Book Number |
1259644812 |
| Qualifying information |
paperback |
| 035 ## - SYSTEM CONTROL NUMBER |
| System control number |
(OCoLC)on1048285524 |
| 040 ## - CATALOGING SOURCE |
| Original cataloging agency |
YDX |
| Language of cataloging |
eng |
| Transcribing agency |
YDX |
| Description conventions |
rda |
| Modifying agency |
BDX |
| -- |
OCLCQ |
| -- |
WUM |
| -- |
OCLCO |
| -- |
PZS |
| -- |
YDXIT |
| -- |
OCLCO |
| -- |
OCLCF |
| -- |
CUX |
| -- |
OCLCO |
| -- |
USU |
| -- |
OCLCA |
| -- |
DLC |
| 042 ## - AUTHENTICATION CODE |
| Authentication code |
lccopycat |
| 050 00 - LIBRARY OF CONGRESS CALL NUMBER |
| Classification number |
RJ254 |
| Item number |
.G66 2020 |
| 060 #4 - NATIONAL LIBRARY OF MEDICINE CALL NUMBER |
| Classification number |
WS 39 |
| Item number |
N438 2020 |
| 082 04 - DEWEY DECIMAL CLASSIFICATION NUMBER |
| Classification number |
618.9201 |
| Author Mark |
GOM |
| 245 00 - TITLE STATEMENT |
| Title |
Gomella's neonatology : |
| Remainder of title |
management, procedures, on-call problems, diseases, and drugs / |
| Statement of responsibility, etc. |
editor, Tricia Lacy Gomella ; senior associate editor, Fabien G. Eyal ; associate editor, Fayez Bany-Mohammed. |
| 246 30 - VARYING FORM OF TITLE |
| Title proper/short title |
Neonatology : |
| Remainder of title |
management, procedures, on-call problems, diseases, and drugs |
| 250 ## - EDITION STATEMENT |
| Edition statement |
Eighth editon |
| 264 #1 - PRODUCTION, PUBLICATION, DISTRIBUTION, MANUFACTURE, AND COPYRIGHT NOTICE |
| Place of production, publication, distribution, manufacture |
New York : |
| Name of producer, publisher, distributor, manufacturer |
McGraw-Hill Education, |
| Date of production, publication, distribution, manufacture, or copyright notice |
[2020] |
| 300 ## - PHYSICAL DESCRIPTION |
| Extent |
xxxii,1439 pages : |
| Other physical details |
illustrations (some color) : |
| Dimensions |
22 cm |
| 336 ## - CONTENT TYPE |
| Content type term |
text |
| Content type code |
txt |
| Source |
rdacontent |
| 337 ## - MEDIA TYPE |
| Media type term |
unmediated |
| Media type code |
n |
| Source |
rdamedia |
| 338 ## - CARRIER TYPE |
| Carrier type term |
volume |
| Carrier type code |
nc |
| Source |
rdacarrier |
| 500 ## - GENERAL NOTE |
| General note |
Revised edition of title previously published as: Neonatology : Management, procedures, on-call problems, diseases and drugs / editor, Tricia Lacy Gomella, MD ; associate editors, M. Douglas Cunningham, MD, Fabien G. Eyal, MD ; consulting editor, Deborah J. Tuttle, MD. 7th edition. [2013]. |
| 504 ## - BIBLIOGRAPHY, ETC. NOTE |
| Bibliography, etc. note |
Includes bibliographical references and index. |
| 505 0# - FORMATTED CONTENTS NOTE |
| Formatted contents note |
Section I. Prenatal, labor, delivery, and transport management -- Section II. Basic management -- Section III. Advanced management -- Section IV. Procedures -- Section V. On-call problems -- Section VI. Diseases and disorders, general -- Section VII. Infectious diseases -- Section VIII. Neonatal pharmacology -- Appendices. |
| 520 ## - SUMMARY, ETC. |
| Summary, etc. |
"The field's most trusted and comprehensive guide to treating common and rare problems in newborns. A true essential for newly three decades, this streamlined reference provides logically organized, quickly retrievable information on basic and advanced management techniques for the neonate. Featuring a convenient outline approach that puts key information at readers' fingertips, this quick reference covers everything clinicians need to know about on-call neonatal problems, procedures, diseases and disorders, and pharmacology. This Eighth Edition reflects the latest developments in the field and has been updated with new content and six new chapters. All told, it is the most comprehensive drug formulary available in a neonatal handbook. This edition features new chapters on the golden hour ; genetic and genomic testing ; neonatal palliative care ; abdominal distension ; dengue fever ; and Zika virus. It includes new sections on infectious diseases of the neonate and point-of-care ultrasound. It includes up-to-date information on medications used in the NICU and effects of the most commonly used medications on breast-feeding mothers. It includes full-color images of neonatal rashes and dermatologic problems. The "On Call" section presents 35 common and serious patient management issues with guidelines for rapid diagnosis and treatment. It includes cutting-edge strategies for management of specific respiratory syndromes. It includes valuable appendices, including abbreviations used in neonatology, blood pressure determinations, immunization tables, isolation guidelines, and more."-- |
| Assigning source |
taken from back cover. |
| 650 #0 - SUBJECT ADDED ENTRY--TOPICAL TERM |
| Topical term or geographic name entry element |
Neonatology |
| Form subdivision |
Handbooks, manuals, etc. |
| 9 (RLIN) |
126839 |
| 650 #0 - SUBJECT ADDED ENTRY--TOPICAL TERM |
| Topical term or geographic name entry element |
Newborn infants |
| General subdivision |
Diseases. |
| 9 (RLIN) |
126840 |
| 650 #0 - SUBJECT ADDED ENTRY--TOPICAL TERM |
| Topical term or geographic name entry element |
Neonatal intensive care |
| Form subdivision |
Handbooks, manuals, etc. |
| 9 (RLIN) |
126841 |
| 650 12 - SUBJECT ADDED ENTRY--TOPICAL TERM |
| Topical term or geographic name entry element |
Neonatology |
| General subdivision |
methods. |
| 9 (RLIN) |
126842 |
| 650 22 - SUBJECT ADDED ENTRY--TOPICAL TERM |
| Topical term or geographic name entry element |
Infant Care |
| General subdivision |
methods. |
| 9 (RLIN) |
126843 |
| 650 22 - SUBJECT ADDED ENTRY--TOPICAL TERM |
| Topical term or geographic name entry element |
Infant, Newborn, Diseases |
| General subdivision |
therapy. |
| 9 (RLIN) |
126844 |
| 650 22 - SUBJECT ADDED ENTRY--TOPICAL TERM |
| Topical term or geographic name entry element |
Neonatology |
| General subdivision |
trends. |
| 9 (RLIN) |
126845 |
| 650 #7 - SUBJECT ADDED ENTRY--TOPICAL TERM |
| Topical term or geographic name entry element |
Neonatal intensive care. |
| Source of heading or term |
fast |
| Authority record control number or standard number |
(OCoLC)fst01432069 |
| 9 (RLIN) |
126846 |
| 650 #7 - SUBJECT ADDED ENTRY--TOPICAL TERM |
| Topical term or geographic name entry element |
Neonatology. |
| Source of heading or term |
fast |
| Authority record control number or standard number |
(OCoLC)fst01432070 |
| 9 (RLIN) |
126847 |
| 650 #7 - SUBJECT ADDED ENTRY--TOPICAL TERM |
| Topical term or geographic name entry element |
Newborn infants |
| General subdivision |
Diseases. |
| Source of heading or term |
fast |
| Authority record control number or standard number |
(OCoLC)fst01432010 |
| 9 (RLIN) |
126840 |
| 655 #2 - INDEX TERM--GENRE/FORM |
| Genre/form data or focus term |
Handbook. |
| 9 (RLIN) |
126701 |
| 655 #7 - INDEX TERM--GENRE/FORM |
| Genre/form data or focus term |
Handbooks and manuals. |
| Source of term |
fast |
| Authority record control number |
(OCoLC)fst01423877 |
| 9 (RLIN) |
280 |
| 655 #7 - INDEX TERM--GENRE/FORM |
| Genre/form data or focus term |
Handbooks and manuals. |
| Source of term |
lcgft |
| 9 (RLIN) |
280 |
| 700 1# - ADDED ENTRY--PERSONAL NAME |
| Personal name |
Gomella, Tricia Lacy, |
| Relator term |
editor. |
| 9 (RLIN) |
126848 |
| 700 1# - ADDED ENTRY--PERSONAL NAME |
| Personal name |
Eyal, Fabien G. |
| Fuller form of name |
(Fabien Gabriel), |
| Relator term |
editor. |
| 9 (RLIN) |
126849 |
| 700 1# - ADDED ENTRY--PERSONAL NAME |
| Personal name |
Bany-Mohammed, Fayez, |
| Relator term |
editor. |
| 9 (RLIN) |
126850 |
| 906 ## - LOCAL DATA ELEMENT F, LDF (RLIN) |
| a |
7 |
| b |
cbc |
| c |
copycat |
| d |
2 |
| e |
ncip |
| f |
20 |
| g |
y-gencatlg |
| 942 ## - ADDED ENTRY ELEMENTS (KOHA) |
| Source of classification or shelving scheme |
|
| Koha item type |
Book |